Law & sports in India : (Record no. 145074)
[ view plain ]
| 000 -LEADER | |
|---|---|
| fixed length control field | 00723nam a22001937a 4500 |
| 005 - DATE AND TIME OF LATEST TRANSACTION | |
| control field | 20170921103241.0 |
| 010 ## - LCCN (DPL NO) | |
| LC control number | ENG-120465 |
| 020 ## - INTERNATIONAL STANDARD BOOK NUMBER | |
| International Standard Book Number | 9788180386091 |
| Terms of availability | 995.00 |
| 035 ## - SYSTEM CONTROL NUMBER | |
| System control number | EN-103997 |
| 037 ## - SOURCE OF ACQUISITION | |
| Source of stock number/acquisition | DBAD/PUB |
| 082 ## - DEWEY DECIMAL CLASSIFICATION NUMBER | |
| Classification number | 344.730954 |
| 100 ## - MAIN ENTRY--PERSONAL NAME | |
| Personal name | Mudgal,Mukal |
| 245 ## - TITLE STATEMENT | |
| Title | Law & sports in India : |
| Statement of responsibility, etc | by Mukul Mudgal ; assisted by Vidushpat Singhania [and] Nitin Mishra |
| Remainder of title | developments, issues and challenges / |
| 260 ## - PUBLICATION, DISTRIBUTION, ETC. (IMPRINT) | |
| Place of publication, distribution, etc | Gurgaon |
| Name of publisher, distributor, etc | Lexis Nexis Butterworths Wadhwa |
| Date of publication, distribution, etc | 2011 |
| 270 ## - ADDRESS | |
| Address | 14th Floor, Building No.10,Tower-B,DLF Cyber City , Phase-II |
| City | Gurgaon |
| Postal code | 122002 |
| 300 ## - PHYSICAL DESCRIPTION | |
| Extent | xv,683p. |
| Dimensions | 24cm(Hb) |
| 500 ## - GENERAL NOTE | |
| General note | Includes bibliographical references and index |
| 942 ## - ADDED ENTRY ELEMENTS (KOHA) | |
| Source of classification or shelving scheme | Dewey Decimal Classification |
| Item type | English Books |
| Classification part | 344.730954 |
| Call number suffix | MUD |
| Withdrawn status | Lost status | Not for loan | Collection code | Home library | Current library | Date acquired | Source of acquisition | Cost, normal purchase price | Full call number | Barcode | Copy number | Cost, replacement price | Koha item type |
|---|---|---|---|---|---|---|---|---|---|---|---|---|---|
| Non-fiction | Katevara | Katevara | 20/09/2017 | DBAD/PUB | 995.00 | 344.730954 MUD | EN-103997 | 1 | 995.00 | English Books |
